000
00306 a2200121 4500
001
47358
040
_c
Anchieta - Aquarius
100
_a
Waddel, Martin
240
1
0
_a
Você não consegue dormir, ursinho?
_l
por
245
1
0
_a
Você não consegue dormir, ursinho?
650
4
_a
Literatura infantil
942
_c
BK
999
_c
47358
_d
47358